Statystyki dla Transfery Burnley w letnim okienku transferowym 2021/22.

Kliknij tutaj aby rozwiązać quiz!

Ogólne statystyki

  • Ten quiz został rozwiązany 9 razy
  • Średni wynik to 2 z 6

Statystyki odpowiedzi

CenaPozycjaNarodowośćPoprzedni KlubPiłkarz% Poprawnych
15,00 mlnLewy obrońcaWybrzeże Kości SłoniowejOlympique LyonCornet
89%
Za darmoBramkarzWaliaCrystal PalaceHennessey
56%
Za darmoPrawy napastnikAngliaKayserisporLennon
33%
14,00 mlnŚrodkowy obrońcaIrlandiaStokeCollins
22%
2,90 mlnPrawy obrońcaWaliaSwanseaRoberts
22%
Za darmoŚrodkowy obrońcaAngliaScunthorpe UnitedBedeau
0%

Rozkład punktacji

Percentyl według liczby udzielonych odpowiedzi

Procent ludzi z każdym wynikiem

Twoja historia wyników

Nie rozwiązałeś tego quizu